Music Quiz

Random Music or Lyrics Quiz

'Typical male' Lyrics by Tina Turner Quiz Stats

Quiz not verified by Sporcle

Challenge
Share
Tweet
Embed
Score 0/295 Timer 10:00
0 Plays Today
% Correct
I
100%
Mmm,
100%
the
100%
I
100%
Mmm,
100%
I
100%
I
100%
the
100%
Mmm,
100%
the
100%
yeah!
100%
the
100%
Hey
100%
I
100%
Oh,
100%
the
100%
mm-mm-mm.
100%
I
100%
the
100%
mm.
100%
I
100%
the
100%
the
100%
oh!
100%
I
100%
the
100%
Ooh,
100%
I
100%
the
100%
I
100%
ooh,
100%
to
95.2%
to
95.2%
a
95.2%
a
95.2%
a
95.2%
a
95.2%
to
95.2%
a
95.2%
typical
95.2%
male,
95.2%
a
95.2%
typical
95.2%
male.
95.2%
to
95.2%
a
95.2%
to
95.2%
a
95.2%
typical
95.2%
male,
95.2%
a
95.2%
typical
95.2%
male.
95.2%
a
95.2%
to
95.2%
a
95.2%
typical
95.2%
male,
95.2%
a
95.2%
typical
95.2%
male.
95.2%
a
95.2%
a
95.2%
typical
95.2%
male,
95.2%
a
95.2%
typical-
95.2%
a
95.2%
to
95.2%
a
95.2%
typical
95.2%
male,
95.2%
a
95.2%
typical-
95.2%
a
95.2%
I'm
90.5%
in
90.5%
you.
90.5%
you
90.5%
on
90.5%
I'm
90.5%
I'm
90.5%
for
90.5%
is
90.5%
I'm
90.5%
on
90.5%
on
90.5%
I'm
90.5%
in
90.5%
in
90.5%
you
90.5%
I'm
90.5%
is
90.5%
I'm
90.5%
on
90.5%
on
90.5%
in,
90.5%
in!
90.5%
is
90.5%
% Correct
I'm
90.5%
on
90.5%
on
90.5%
I'm
90.5%
on
90.5%
on
90.5%
is
90.5%
I'm
90.5%
on
90.5%
on
90.5%
me,
85.7%
me
85.7%
me
85.7%
my
85.7%
of
85.7%
just
85.7%
just
85.7%
my
85.7%
of
85.7%
my
85.7%
me.
85.7%
me
85.7%
of
85.7%
just
85.7%
of
85.7%
just
85.7%
just
85.7%
my
85.7%
me
85.7%
me
85.7%
just
85.7%
just
85.7%
my
85.7%
just
85.7%
my
85.7%
just
85.7%
just
85.7%
my
85.7%
think
81%
love
81%
with
81%
with
81%
your
81%
All
81%
want
81%
reaction,
81%
eno-ough
81%
Your
81%
your
81%
with
81%
your
81%
with
81%
All
81%
want
81%
reaction,
81%
eno-ough
81%
your
81%
your
81%
your
81%
All
81%
want
81%
reaction,
81%
eno-ough
81%
reaction.
81%
All
81%
want
81%
reaction,
81%
eno-ough
81%
All
81%
want,
81%
reaction.
81%
Tell
76.2%
what
76.2%
do,
76.2%
from
76.2%
little
76.2%
using
76.2%
female
76.2%
attraction
76.2%
fall.
76.2%
little
76.2%
using
76.2%
female
76.2%
attraction
76.2%
So
76.2%
and
76.2%
and
76.2%
and
76.2%
little
76.2%
using
76.2%
female
76.2%
attraction
76.2%
using
76.2%
little
76.2%
using
76.2%
female
76.2%
attraction
76.2%
little
76.2%
little
76.2%
% Correct
falling
71.4%
way
71.4%
feel.
71.4%
this
71.4%
tip
71.4%
tip
71.4%
tip
71.4%
tip
71.4%
lawyer,
66.7%
for
66.7%
but
66.7%
scales.
66.7%
but
66.7%
law,
66.7%
lawyer,
66.7%
when
66.7%
But
66.7%
when
66.7%
scales.
66.7%
scales.
66.7%
scales.
66.7%
some
61.9%
about
61.9%
heart
61.9%
mine.
61.9%
trouble
61.9%
that
61.9%
up
61.9%
heart
61.9%
let
61.9%
up
61.9%
heart
61.9%
let
61.9%
we
57.1%
mind,
57.1%
you're
57.1%
Won't
52.4%
how
52.4%
can
52.4%
no
52.4%
out
52.4%
like
52.4%
rest
52.4%
put
52.4%
open
52.4%
Open
52.4%
defend
47.6%
give
47.6%
advice
47.6%
fool
47.6%
clever
47.6%
match
47.6%
I'll
47.6%
help
47.6%
case.
47.6%
match
47.6%
them,
47.6%
know
47.6%
them,
47.6%
life?
42.9%
sure
42.9%
don't
42.9%
deep
42.9%
Something
42.9%
bring
42.9%
catch
42.9%
they
42.9%
best
42.9%
aside,
42.9%
loosen
42.9%
tie.
42.9%
handle
38.1%
private
38.1%
make
38.1%
confess
38.1%
men
38.1%
ain't
38.1%
sense
38.1%
justice
38.1%
about
38.1%
bad
38.1%
say
38.1%
books
38.1%
suit
38.1%
defence
33.3%
seems
33.3%
wits
33.3%
deal.
28.6%
intellect
28.6%
embrace,
28.6%
close,
28.6%
cha-arm
28.6%
authority
23.8%
gotta
23.8%
off
23.8%
Gotta
23.8%
feminine
23.8%

You're not logged in!

Compare scores with friends on all Sporcle quizzes.
Sign Up with Email
OR
Log In

You Might Also Like...

Show Comments

Extras

Top Quizzes Today


Score Distribution

Your Account Isn't Verified!

In order to create a playlist on Sporcle, you need to verify the email address you used during registration. Go to your Sporcle Settings to finish the process.